| 000 | 00384nam a22001457a 4500 | ||
|---|---|---|---|
| 999 |
_c193630 _d193630 |
||
| 008 | 221107b ||||| |||| 00| 0 eng d | ||
| 082 | _a921-RAN | ||
| 100 | _aRANJAN,SUDHANSHU | ||
| 245 |
_aJAIPRAKASH NARAYAN _hENGLISH |
||
| 260 |
_a NEW DELHI _bA.I.C.B _cROHINI |
||
| 270 | _aA.I.C.B ,ROHINI NEW DELHI | ||
| 300 |
_a. _b. _c12X13 |
||
| 490 | _v1-5 | ||
| 942 |
_2ddc _cBRLEN _k921 _mRAN |
||